000 00417pab a2200157 454500
008 180718b1989 xxu||||| |||| 00| 0 eng d
100 _aMalhan, Inder Vir
245 _aNew education policy and development of school libraries in India
260 _c1989
300 _a32-41
362 _aJan.-Apr.
650 _aSchool Libraries
700 _aUrmil Gupta
773 _aHerald of Library Science
909 _a18653
999 _c18653
_d18653